MAFIA - Travis Scott (Full lyrics) - Statistics

General Stats
  • This quiz has been taken 16 times
  • The average score is 207 of 495
Answer Stats
Lyrics % Correct
I
92%
the
85%
then
77%
Then
77%
to
77%
you
77%
You
77%
you,
77%
(You
77%
Custom
69%
custom
69%
when
69%
back
62%
back,
62%
Back
62%
go
62%
mafia,
62%
of
62%
Cover
54%
cover
54%
do
54%
do,
54%
front
54%
front,
54%
my
54%
up
54%
up,
54%
V
54%
V,
54%
we
54%
We
54%
(We
54%
your
54%
a
46%
eyes,
46%
know
46%
Know
46%
magazine
46%
re-
46%
thing,
46%
things,
46%
wings
46%
and
38%
at
38%
be
38%
Bentley
38%
brown
38%
Brown
38%
by
38%
fav'
38%
gave
38%
had
38%
in
38%
it
38%
me
38%
me,
38%
(Me
38%
myself
38%
no
38%
really
38%
Step
38%
step,
38%
this
38%
truck
38%
truck,
38%
vibe,
38%
bag
31%
boost
31%
Bring
31%
bring
31%
butt
31%
chemistry,
31%
city
31%
City
31%
club,
31%
club
31%
Common
31%
couldn't
31%
denominator,
31%
Did
31%
down,
31%
down)
31%
fifty
31%
For
31%
for
31%
Fuck
31%
I'm
31%
is
31%
juice,
31%
left
31%
link
31%
niggas
31%
none
31%
on
31%
Our
31%
out
31%
own
31%
Rather
31%
rather
31%
shit
31%
simulation,
31%
tell
31%
they
31%
today)
31%
town
31%
tuck
31%
watch
31%
weed
31%
weed?
31%
what
31%
with
31%
With
31%
yourself
31%
ain't
23%
(Ain't
23%
all
23%
anything
23%
around)
23%
around
23%
Blew
23%
bottles
23%
bounce,
23%
'bout
23%
buzzed
23%
choose
23%
Cleaners
23%
come
23%
cost
23%
couch,
23%
count
23%
couple
23%
diamond
23%
fall
23%
find
23%
get
23%
goin'
23%
got
23%
Got
23%
gotta
23%
hardest
23%
heat
23%
house
23%
hydration
23%
if
23%
it's
23%
lab,
23%
late,
23%
like
23%
Like
23%
meet
23%
Mike
23%
nothin'
23%
one
23%
parade
23%
pouch,
23%
see
23%
show
23%
some
23%
Stacks
23%
stuck,
23%
stuck
23%
that
23%
thick
23%
through
23%
track,
23%
tried
23%
tucked
23%
two
23%
vibrations
23%
walk
23%
way
23%
Wine
23%
yeah
23%
achieve
15%
can't
15%
check,
15%
daggers
15%
Dodge
15%
Don't
15%
'em
15%
floatin'
15%
fold
15%
from
15%
gon'
15%
I'ma
15%
jump
15%
least
15%
leave,
15%
lot
15%
might've
15%
misery
15%
Movin'
15%
now
15%
pourin'
15%
put
15%
rapid
15%
shoot
15%
steps
15%
still
15%
supreme,
15%
throw
15%
timeless
15%
travel
15%
wave
15%
were
15%
Zs,
15%
ages
8%
even
8%
fiends
8%
hours
8%
just
8%
relieved,
8%
relieved
8%
speed,
8%
trappers
8%
trust
8%
week
8%
you'd
8%
cuddled
0%
rattled
0%
take
0%
No matching quizzes found
Score Distribution
Percent of People with Each Score
Percentile by Number Answered
Your Score History
You have not taken this quiz